U.S. States Without a Costco - Statistics

General Stats
  • This quiz has been taken 124 times
  • The average score is 4 of 5
Answer Stats
State % Correct
Wyoming
87%
Maine
85%
Rhode Island
77%
West Virginia
63%
Arkansas
47%
No matching quizzes found
Score Distribution
Percent of People with Each Score
Percentile by Number Answered
Your Score History
You have not taken this quiz